When tomorrow never comes (Record no. 68575)
[ view plain ]
| 000 -LEADER | |
|---|---|
| fixed length control field | 01273cam a2200229 4500 |
| 001 - CONTROL NUMBER | |
| control field | ABS64659 |
| 008 - FIXED-LENGTH DATA ELEMENTS--GENERAL INFORMATION | |
| fixed length control field | 011016n2001 000 0 eng u |
| 035 ## - SYSTEM CONTROL NUMBER | |
| System control number | (Sirsi) u115139 |
| 100 ## - MAIN ENTRY--PERSONAL NAME | |
| Personal name | Teale, M. |
| 245 ## - TITLE STATEMENT | |
| Title | When tomorrow never comes |
| 260 ## - PUBLICATION, DISTRIBUTION, ETC. | |
| Date of publication, distribution, etc. | 2001 |
| 490 ## - SERIES STATEMENT | |
| Series statement | Property Forecast |
| Volume/sequential designation | 4(10) October 2001, 2(2) |
| 520 ## - SUMMARY, ETC. | |
| Summary, etc. | Discusses the current trends in the retail market. Notes that the retail sector has fared badly recently but the major players are performing better. Argues that consumer spending is set to slow over the coming months but not so sharply as in the early 1990s. Conditions in retail markets appear to be reasonably benign, the greatest possible threat coming from government policy towards motorists with proposals to charge them for entering major cities. Investor focus on larger markets is unlikely to change with a general concentration of retail activities continuing. Any recession would almost certainly end with fewer major players and even larger market shares. |
| 590 ## - LOCAL NOTE (RLIN) | |
| Local note | ABS |
| 650 ## - SUBJECT ADDED ENTRY--TOPICAL TERM | |
| Topical term or geographic name entry element | PROPERTY-COMMERCIAL PROPERTY-RETAIL PROPERTY-RETAIL PROPERTY MARKET |
| 650 ## - SUBJECT ADDED ENTRY--TOPICAL TERM | |
| Topical term or geographic name entry element | MARKET TRENDS |
| 650 ## - SUBJECT ADDED ENTRY--TOPICAL TERM | |
| Topical term or geographic name entry element | ECONOMIC OUTLOOK |
| 650 ## - SUBJECT ADDED ENTRY--TOPICAL TERM | |
| Topical term or geographic name entry element | SHOPPING CENTRES |
| 650 ## - SUBJECT ADDED ENTRY--TOPICAL TERM | |
| Topical term or geographic name entry element | CAR CHARGES |
| 690 ## - LOCAL SUBJECT ADDED ENTRY--TOPICAL TERM (OCLC, RLIN) | |
| Topical term or geographic name as entry element | ECONOMIC ISSUES |
| 942 ## - ADDED ENTRY ELEMENTS (KOHA) | |
| Suppress in OPAC | 0 |
| Withdrawn status | Lost status | Source of classification or shelving scheme | Damaged status | Not for loan | Home library | Current library | Shelving location | Date acquired | Total Checkouts | Full call number | Barcode | Date last seen | Copy number | Price effective from | Koha item type |
|---|---|---|---|---|---|---|---|---|---|---|---|---|---|---|---|
| Dewey Decimal Classification | London | London | Books | 16/10/2001 | ABS64659 | 115139-1001 | 06/08/2019 | 1 | 06/08/2019 | Book |